Регионална библиотека "Любен Каравелов" - Русе

Цветният воал (Запис номер 186383)

MARC детайли
000 -Лидер
Контролно поле с фиксирана дължина 01162nam a2200313 c 4500
003 - Код на организацията, давaща контролен номер
Контролно поле BLK
005 - Дата и час на последна редакция
Контролно поле 20240830175328.0
008 - Елементи от данни с фиксирана дължина
fixed length control field 180411b bul|||||r ||||||| ||bul||
010 ## - Наследен системен номер
LC control number KNG00195377000
040 ## - Източник на каталожния запис
Идентификатор на билиотеката - собственик на записа BLK
041 ## - Код за език
Код за езика на текст/звукозапис или на отделно заглавие Български
Код за езика КДБФ Български
080 ## - УДК
Текстов определител УДК Английска литература
УДК код - определител по УДК 821.111
УДК определител -31
УДК - код + определител 821.111-31
100 1# - Редна дума - Автор
Автор Моъм, Уилям Съмърсет
Авторска отговорност първи автор
R(LIN) 373161
139 ## - Редно поле
Редна дума Моъм, Уилям Съмърсет
Авторски знак Мот - М 93
245 10 - Сведения за заглавието
Заглавие Цветният воал
Подзаглавни данни Роман
Редно поле (дума) Уилям Съмърсет Моъм; прев. от англ. и предг. Иглика Василева.
257 ## - Страна на издаване
Страна на създаване/издаване Великобритания
260 ## - Област на издателските данни
Място на издаване, разпространение и проч. София
Име на издателя, разпространителя и проч. Профиздат
Година на издаване 1987
300 ## - Физическа характеристика
Страници 208 с.
Размери/Мащаб 20 см
380 ## - Жанр
Жанр Худож. лит.
500 ## - Общи забележки
Забележка Без тир.
700 1# - Други автори (авторска отговорност)
Лично име Василева, Иглика
Автороска отговорност (Описва отношението между автора и произведението) прев. от англ. и предг.
9 (RLIN) 363502
852 ## - Местоположение
Форматна сигнатура Цб 152681
856 4# - Електронен адрес и достъп
Електронен формат pdf - файл
Инструкция (цена за достъп) 0.00
Права за достъп disable
856 4# - Електронен адрес и достъп
Електронен формат pdf - файл
Инструкция (цена за достъп) 0.00
Права за достъп disable
999 ## - СИСТЕМНИ КОНТРОЛНИ НОМЕРА
Koha biblionumber 186383
Koha biblioitemnumber 186383
942 ## - АРТИКУЛИ
Вид на библиотечния материал Книги
Скрит в OPAC Не
Koha issues (borrowed), all copies 22
Периодичен библиозапис Да
944 ## - СЪЗДАВАНЕ И РЕДАКЦИЯ на ЗАПИСА
Създаване/Редакция Създаване
Дата на регистрацията/редакция 07.11.2016
Служител, извършил регистрацията/редакцията 30575
Статус, дата на статуса Мартин Енчев
944 ## - СЪЗДАВАНЕ И РЕДАКЦИЯ на ЗАПИСА
Създаване/Редакция Редакция
Дата на регистрацията/редакция 07.11.2016
Служител, извършил регистрацията/редакцията Станимира_Цанева
999 ## - СИСТЕМНИ КОНТРОЛНИ НОМЕРА
Koha biblioitemnumber 186383
Наличности
Код за отписване Код за изгубен артикул Източник на класификационната схема Код за повреда Коз за рестрикции Код за отдаване Артикулен № Име на библиотеката - собственик Име на библиотеката, в която се намира в момента Статус (Текущо местоположение) Дата на вписване в системата Местоположение - отдел Цена в лева Инвентарен номер Систематично азбучна сигнатура Баркод Номер на екземпляра Цена в евро Служебна бележка Служебен тип на артикула
  Не е изгубен Universal Decimal Classification Не е повреден без рестрикции ползва се в читалня 324397 Регионална библиотека "Любен Каравелов" Русе Регионална библиотека "Любен Каравелов" Русе Хранилище 1987-01-01 Хранилище 1.75 493495 Цб 152681 120000493495 1 0.89 N: стар фонд Дата: 01.01.1987 Книги
  Не е изгубен Universal Decimal Classification Не е повреден без рестрикции заемане за дома 324398 Регионална библиотека "Любен Каравелов" Русе Регионална библиотека "Любен Каравелов" Русе Заемна - подръчен фонд 1987-01-01 Заемна - подръчен фонд 1.75 544218 П 820/М93 120000544218 2 0.89 N: стар фонд Дата: 01.01.1987 Книги
  Не е изгубен Universal Decimal Classification Не е повреден без рестрикции заемане за дома 324399 Регионална библиотека "Любен Каравелов" Русе Регионална библиотека "Любен Каравелов" Русе Заемна - подръчен фонд 1987-01-01 Заемна - подръчен фонд 2.00 643477 П 820/М93 120000643477 3 1.02 N: стар фонд Дата: 01.01.1987 Дата инв: 14.02.2018 Бележки инв: П2018 Книги
Vip Innovations Ltd, Rousse, Bulgaria 2025